000 01231nam a22002177a 4500
999 _c58847
_d58847
003 Ge_BSU
005 20221007125856.0
008 221007s1996 ge ||||| |||| 00| 0 geo d
041 _ageo
080 _a1(479.22)(09) ქ-27
245 _aქართული ფილოსოფიური აზრის ისტორია :
_bტ. 1, IV-XII საუკუნეები /
_c[რედ.: შ. ხიდაშელი, მ. მახარაძე] ; საქ. მეცნ. აკად., ფილოსოფიის ინ-ტი.
264 _aთბილისი :
_bმეცნიერება,
_c1996.
300 _a432 გვ.;
_b20 სმ.
500 _aშენიშვნები: გვ. 400-429.
653 _aქართული ფილოსოფიის ისტორია
653 _aფილოსოფია
700 _aხიდაშელი, შ.
_eრედაქტორი
_93726
700 _aმახარაძე, მ.
_eრედაქტორი.
_915145
710 _aსაქართველოს მეცნიერებათა აკადემია. ფილოსოფიის ინსტიტუტი
_915091
942 _2udc
_cBK